[Event "DEM U10w 2021"]
[Site "Willingen GER"]
[Date "2021.08.24"]
[Round "4"]
[White "Mader, Theresa"]
[Black "Will, Elina"]
[Result "0-1"]
[Termination "normal"]
[Board "5"]
[WhiteElo "1078"]
[BlackElo "1181"]
[WhiteClock "00:47:05"]
[BlackClock "00:15:05"]
[PlyCount "132"]
[WhiteFideId "34605657"]
[BlackFideId "34623434"]
[EventCountry "GER"]
[EventRounds "11"]
[EventType "swiss"]
[EventDate "2021.08.22"]

1. e4 {[%clk 01:15:57]} {[%emt 00:00:02]} d5 {[%clk 01:15:55]} {[%emt
00:00:06]} 2. Nc3 {[%clk 01:16:16]} {[%emt 00:00:10]} d4 {[%clk 01:16:15]}
{[%emt 00:00:11]} 3. Nce2 {[%clk 01:16:37]} {[%emt 00:00:09]} e5 {[%clk
01:16:18]} {[%emt 00:00:28]} 4. d3 {[%clk 01:16:53]} {[%emt 00:00:13]} Nf6
{[%clk 01:16:04]} {[%emt 00:00:44]} 5. f4 {[%clk 01:16:54]} {[%emt 00:00:29]}
Bd6 {[%clk 01:11:32]} {[%emt 00:05:02]} 6. Nf3 {[%clk 01:16:42]} {[%emt
00:00:42]} Nbd7 {[%clk 01:11:25]} {[%emt 00:00:37]} 7. g3 {[%clk 01:16:15]}
{[%emt 00:00:57]} c5 {[%clk 01:11:20]} {[%emt 00:00:34]} 8. Bg2 {[%clk
01:15:48]} {[%emt 00:00:57]} O-O {[%clk 01:10:20]} {[%emt 00:01:30]} 9. O-O
{[%clk 01:15:47]} {[%emt 00:00:31]} b6 {[%clk 01:09:59]} {[%emt 00:00:52]} 10.
Bd2 {[%clk 01:14:44]} {[%emt 00:01:32]} Bb7 {[%clk 01:08:58]} {[%emt 00:01:31]}
11. Nh4 {[%clk 01:12:01]} {[%emt 00:03:13]} Ng4 {[%clk 00:59:05]} {[%emt
00:10:25]} 12. Nf5 {[%clk 01:07:59]} {[%emt 00:04:31]} Be7 {[%clk 00:52:58]}
{[%emt 00:06:37]} 13. Bh3 {[%clk 01:05:46]} {[%emt 00:02:43]} Ngf6 {[%clk
00:42:47]} {[%emt 00:10:41]} 14. Qe1 {[%clk 01:01:20]} {[%emt 00:04:56]} Rc8
{[%clk 00:38:23]} {[%emt 00:04:52]} 15. Qf2 {[%clk 00:57:48]} {[%emt 00:04:03]}
c4 {[%clk 00:36:47]} {[%emt 00:02:07]} 16. Rac1 {[%clk 00:55:49]} {[%emt
00:02:29]} cxd3 {[%clk 00:31:59]} {[%emt 00:05:18]} 17. cxd3 {[%clk 00:55:53]}
{[%emt 00:00:26]} Rxc1 {[%clk 00:30:39]} {[%emt 00:01:51]} 18. Rxc1 {[%clk
00:56:01]} {[%emt 00:00:21]} Nc5 {[%clk 00:28:50]} {[%emt 00:02:18]} 19. Qf3
{[%clk 00:55:02]} {[%emt 00:01:29]} Ba6 {[%clk 00:22:54]} {[%emt 00:06:26]} 20.
fxe5 {[%clk 00:53:19]} {[%emt 00:02:13]} Ne8 {[%clk 00:16:32]} {[%emt
00:06:53]} 21. Nexd4 {[%clk 00:52:53]} {[%emt 00:00:56]} Bb7 {[%clk 00:14:15]}
{[%emt 00:02:47]} 22. Bf4 {[%clk 00:51:15]} {[%emt 00:02:08]} Ne6 {[%clk
00:13:30]} {[%emt 00:01:15]} 23. Nxe6 {[%clk 00:49:01]} {[%emt 00:02:43]} fxe6
{[%clk 00:13:49]} {[%emt 00:00:11]} 24. Nd4 {[%clk 00:48:21]} {[%emt 00:01:10]}
Qxd4+ {[%clk 00:14:11]} {[%emt 00:00:09]} 25. Kh1 {[%clk 00:47:55]} {[%emt
00:00:56]} g5 {[%clk 00:13:49]} {[%emt 00:00:52]} 26. Bxe6+ {[%clk 00:47:45]}
{[%emt 00:00:39]} Kh8 {[%clk 00:14:05]} {[%emt 00:00:14]} 27. Be3 {[%clk
00:47:30]} {[%emt 00:00:46]} Rxf3 {[%clk 00:13:38]} {[%emt 00:00:56]} 28. Bxd4
{[%clk 00:47:49]} {[%emt 00:00:12]} Rxd3 {[%clk 00:13:49]} {[%emt 00:00:19]}
29. Rc4 {[%clk 00:47:03]} {[%emt 00:01:15]} Bxe4+ {[%clk 00:13:35]} {[%emt
00:00:45]} 30. Kg1 {[%clk 00:46:55]} {[%emt 00:00:37]} Rxd4 {[%clk 00:12:44]}
{[%emt 00:01:21]} 31. Rxd4 {[%clk 00:46:28]} {[%emt 00:00:58]} Bc5 {[%clk
00:13:06]} {[%emt 00:00:08]} 32. Bf7 {[%clk 00:46:10]} {[%emt 00:00:48]} Bxd4+
{[%clk 00:13:20]} {[%emt 00:00:15]} 33. Kf1 {[%clk 00:46:25]} {[%emt 00:00:15]}
Bxe5 {[%clk 00:13:28]} {[%emt 00:00:23]} 34. Bxe8 {[%clk 00:46:33]} {[%emt
00:00:21]} Bxb2 {[%clk 00:13:33]} {[%emt 00:00:24]} 35. Bf7 {[%clk 00:45:58]}
{[%emt 00:01:06]} Kg7 {[%clk 00:13:56]} {[%emt 00:00:08]} 36. Bc4 {[%clk
00:45:57]} {[%emt 00:00:31]} Kf6 {[%clk 00:14:15]} {[%emt 00:00:11]} 37. Kf2
{[%clk 00:45:39]} {[%emt 00:00:48]} Ke5 {[%clk 00:14:18]} {[%emt 00:00:27]} 38.
Ke3 {[%clk 00:45:39]} {[%emt 00:00:30]} Bd4+ {[%clk 00:14:35]} {[%emt
00:00:12]} 39. Ke2 {[%clk 00:45:27]} {[%emt 00:00:43]} Bg1 {[%clk 00:14:39]}
{[%emt 00:00:24]} 40. h3 {[%clk 00:45:28]} {[%emt 00:00:30]} Bh2 {[%clk
00:14:52]} {[%emt 00:00:16]} 41. g4 {[%clk 00:45:42]} {[%emt 00:00:18]} Bg2
{[%clk 00:15:09]} {[%emt 00:00:12]} 42. Kf2 {[%clk 00:45:24]} {[%emt 00:00:48]}
Bxh3 {[%emt 00:00:17]} 43. Kf3 {[%emt 00:00:19]} h6 {[%clk 00:14:09]} {[%emt
00:00:54]} 44. Bf7 {[%clk 00:45:27]} {[%emt 00:00:27]} Bf1 {[%clk 00:14:08]}
{[%emt 00:00:30]} 45. Kf2 {[%clk 00:45:08]} {[%emt 00:00:50]} Bd3 {[%clk
00:14:07]} {[%emt 00:00:31]} 46. Ke3 {[%clk 00:45:11]} {[%emt 00:00:28]} Be4
{[%clk 00:13:54]} {[%emt 00:00:42]} 47. Bc4 {[%clk 00:44:42]} {[%emt 00:00:59]}
Bf4+ {[%clk 00:12:52]} {[%emt 00:01:25]} 48. Kf2 {[%clk 00:44:27]} {[%emt
00:00:53]} Bg6 {[%clk 00:12:45]} {[%emt 00:00:36]} 49. Be2 {[%clk 00:44:31]}
{[%emt 00:00:26]} Kd4 {[%clk 00:12:10]} {[%emt 00:01:06]} 50. Kf1 {[%clk
00:44:08]} {[%emt 00:00:53]} Bd3 {[%clk 00:11:54]} {[%emt 00:00:46]} 51. Kf2
{[%clk 00:44:18]} {[%emt 00:00:19]} Be3+ {[%clk 00:12:04]} {[%emt 00:00:20]}
52. Ke1 {[%clk 00:44:27]} {[%emt 00:00:22]} Bxe2 {[%clk 00:12:15]} {[%emt
00:00:19]} 53. Kxe2 {[%clk 00:44:46]} {[%emt 00:00:10]} b5 {[%clk 00:12:38]}
{[%emt 00:00:08]} 54. Kd1 {[%clk 00:45:00]} {[%emt 00:00:16]} Kc3 {[%clk
00:12:48]} {[%emt 00:00:20]} 55. Ke2 {[%clk 00:45:09]} {[%emt 00:00:21]} Kb2
{[%clk 00:12:45]} {[%emt 00:00:33]} 56. Kxe3 {[%clk 00:45:22]} {[%emt
00:00:17]} Kxa2 {[%clk 00:13:06]} {[%emt 00:00:09]} 57. Kd3 {[%clk 00:45:34]}
{[%emt 00:00:17]} b4 {[%clk 00:13:25]} {[%emt 00:00:12]} 58. Kc2 {[%clk
00:45:48]} {[%emt 00:00:15]} b3 {[%clk 00:13:48]} {[%emt 00:00:07]} 59. Kd3
{[%clk 00:45:57]} {[%emt 00:00:22]} b2 {[%clk 00:14:09]} {[%emt 00:00:09]} 60.
Kd4 {[%clk 00:46:11]} {[%emt 00:00:15]} b1=Q {[%clk 00:14:14]} {[%emt
00:00:26]} 61. Ke5 {[%clk 00:46:16]} {[%emt 00:00:23]} Qg6 {[%clk 00:14:31]}
{[%emt 00:00:14]} 62. Kd5 {[%clk 00:46:30]} {[%emt 00:00:17]} Kb3 {[%clk
00:14:47]} {[%emt 00:00:14]} 63. Kd4 {[%clk 00:46:39]} {[%emt 00:00:20]} Qe6
{[%clk 00:14:52]} {[%emt 00:00:25]} 64. Kc5 {[%clk 00:46:41]} {[%emt 00:00:28]}
Kc3 {[%clk 00:14:45]} {[%emt 00:00:37]} 65. Kb5 {[%clk 00:46:53]} {[%emt
00:00:19]} Qb6+ {[%clk 00:15:09]} {[%emt 00:00:06]} 66. Ka4 {[%clk 00:47:05]}
{[%emt 00:00:17]} Qb4# {[%clk 00:15:05]} {[%emt 00:00:05]} 0-1

[Event "DEM U10w 2021"]
[Site "Willingen GER"]
[Date "2021.08.24"]
[Round "4"]
[White "Mehner, Clara"]
[Black "Ramakrishnan, Veda"]
[Result "1-0"]
[Termination "normal"]
[Board "6"]
[WhiteElo "1159"]
[BlackElo "1009"]
[WhiteClock "00:20:07"]
[BlackClock "00:27:52"]
[PlyCount "53"]
[WhiteFideId "34612165"]
[BlackFideId "16269519"]
[EventCountry "GER"]
[EventRounds "11"]
[EventType "swiss"]
[EventDate "2021.08.22"]

1. e4 {[%clk 01:15:57]} {[%emt 00:00:02]} e5 {[%clk 01:15:54]} {[%emt
00:00:06]} 2. Nf3 {[%clk 01:16:22]} {[%emt 00:00:07]} Nc6 {[%clk 01:16:17]}
{[%emt 00:00:06]} 3. d4 {[%clk 01:16:40]} {[%emt 00:00:12]} exd4 {[%clk
01:16:13]} {[%emt 00:00:34]} 4. Bc4 {[%clk 01:16:47]} {[%emt 00:00:23]} Bc5
{[%clk 01:15:48]} {[%emt 00:00:54]} 5. c3 {[%clk 01:16:14]} {[%emt 00:01:03]}
d3 {[%clk 01:15:02]} {[%emt 00:01:17]} 6. Qxd3 {[%clk 01:15:59]} {[%emt
00:00:44]} d6 {[%clk 01:13:27]} {[%emt 00:02:04]} 7. O-O {[%clk 01:13:15]}
{[%emt 00:03:16]} Bg4 {[%clk 01:12:10]} {[%emt 00:01:47]} 8. Bf4 {[%clk
01:10:42]} {[%emt 00:03:02]} Qd7 {[%clk 01:10:45]} {[%emt 00:01:55]} 9. h3
{[%clk 01:08:40]} {[%emt 00:02:32]} Be6 {[%clk 01:08:23]} {[%emt 00:02:52]} 10.
Nbd2 {[%clk 01:07:27]} {[%emt 00:01:44]} O-O-O {[%clk 01:07:56]} {[%emt
00:00:57]} 11. a4 {[%clk 01:05:47]} {[%emt 00:02:09]} Bb6 {[%clk 01:05:09]}
{[%emt 00:03:18]} 12. b4 {[%clk 01:03:46]} {[%emt 00:02:31]} a5 {[%clk
01:03:53]} {[%emt 00:01:46]} 13. Rfb1 {[%clk 01:02:00]} {[%emt 00:02:15]} Nf6
{[%clk 01:01:58]} {[%emt 00:02:26]} 14. Ba2 {[%clk 00:51:02]} {[%emt 00:11:27]}
Nh5 {[%clk 01:01:11]} {[%emt 00:01:16]} 15. Be3 {[%clk 00:49:56]} {[%emt
00:01:37]} Ne5 {[%clk 00:49:27]} {[%emt 00:12:14]} 16. Qe2 {[%clk 00:44:44]}
{[%emt 00:05:40]} g6 {[%clk 00:45:45]} {[%emt 00:04:14]} 17. Ng5 {[%clk
00:41:29]} {[%emt 00:03:44]} h6 {[%clk 00:43:32]} {[%emt 00:02:44]} 18. Bxe6
{[%clk 00:38:40]} {[%emt 00:03:19]} fxe6 {[%clk 00:43:11]} {[%emt 00:00:50]}
19. Ngf3 {[%clk 00:38:32]} {[%emt 00:00:38]} Rdf8 {[%clk 00:39:58]} {[%emt
00:03:43]} 20. Bxb6 {[%clk 00:36:04]} {[%emt 00:02:59]} cxb6 {[%clk 00:39:28]}
{[%emt 00:01:00]} 21. Nxe5 {[%clk 00:34:22]} {[%emt 00:02:12]} dxe5 {[%clk
00:39:01]} {[%emt 00:00:56]} 22. Nc4 {[%clk 00:30:53]} {[%emt 00:04:00]} Qc7
{[%clk 00:35:30]} {[%emt 00:04:01]} 23. Na3 {[%clk 00:26:01]} {[%emt 00:05:22]}
Nf4 {[%clk 00:33:03]} {[%emt 00:02:57]} 24. Qe3 {[%clk 00:21:21]} {[%emt
00:05:09]} Rd8 {[%clk 00:31:27]} {[%emt 00:02:05]} 25. Nb5 {[%clk 00:20:50]}
{[%emt 00:01:03]} Qc4 {[%clk 00:29:13]} {[%emt 00:02:44]} 26. Qxb6 {[%clk
00:20:21]} {[%emt 00:00:59]} Qxe4 {[%clk 00:27:52]} {[%emt 00:01:50]} 27. Qc7#
{[%clk 00:20:07]} {[%emt 00:00:15]} 1-0

[Event "DEM U10w 2021"]
[Site "Willingen GER"]
[Date "2021.08.24"]
[Round "4"]
[White "Heidtkamp, Anna"]
[Black "Hefele, Stefanie"]
[Result "0-1"]
[Termination "normal"]
[Board "7"]
[WhiteElo "1132"]
[BlackElo "1044"]
[WhiteClock "00:16:05"]
[BlackClock "00:46:06"]
[PlyCount "96"]
[WhiteFideId "16269012"]
[BlackFideId "34612041"]
[EventCountry "GER"]
[EventRounds "11"]
[EventType "swiss"]
[EventDate "2021.08.22"]

1. e4 {[%clk 01:15:56]} {[%emt 00:00:02]} e5 {[%clk 01:15:49]} {[%emt
00:00:11]} 2. Nf3 {[%clk 01:16:21]} {[%emt 00:00:06]} Nc6 {[%clk 01:15:59]}
{[%emt 00:00:20]} 3. Bc4 {[%clk 01:16:45]} {[%emt 00:00:07]} Bc5 {[%clk
01:16:05]} {[%emt 00:00:24]} 4. c3 {[%clk 01:17:13]} {[%emt 00:00:02]} Nf6
{[%clk 01:16:14]} {[%emt 00:00:20]} 5. d4 {[%clk 01:17:33]} {[%emt 00:00:10]}
exd4 {[%clk 01:16:25]} {[%emt 00:00:18]} 6. cxd4 {[%clk 01:17:56]} {[%emt
00:00:08]} Bb4+ {[%clk 01:16:43]} {[%emt 00:00:13]} 7. Bd2 {[%clk 01:18:20]}
{[%emt 00:00:06]} Bxd2+ {[%clk 01:16:52]} {[%emt 00:00:18]} 8. Nbxd2 {[%clk
01:18:44]} {[%emt 00:00:08]} O-O {[%clk 01:16:07]} {[%emt 00:01:14]} 9. e5
{[%clk 01:17:47]} {[%emt 00:01:28]} Re8 {[%clk 01:11:51]} {[%emt 00:04:45]} 10.
Ng5 {[%clk 01:05:23]} {[%emt 00:12:54]} d5 {[%clk 01:08:49]} {[%emt 00:03:33]}
11. Bb5 {[%clk 01:04:01]} {[%emt 00:01:52]} Bd7 {[%clk 01:04:05]} {[%emt
00:05:14]} 12. Bxc6 {[%clk 01:02:56]} {[%emt 00:01:35]} Bxc6 {[%clk 01:03:52]}
{[%emt 00:00:42]} 13. O-O {[%clk 01:01:30]} {[%emt 00:01:56]} Ne4 {[%clk
01:02:05]} {[%emt 00:02:18]} 14. Ngxe4 {[%clk 01:00:17]} {[%emt 00:01:43]} dxe4
{[%clk 01:02:11]} {[%emt 00:00:24]} 15. Nb3 {[%clk 00:59:45]} {[%emt 00:01:02]}
Qg5 {[%clk 01:01:04]} {[%emt 00:01:37]} 16. Re1 {[%clk 00:52:33]} {[%emt
00:07:41]} e3 {[%clk 01:00:30]} {[%emt 00:01:05]} 17. f3 {[%clk 00:51:51]}
{[%emt 00:01:05]} Rad8 {[%clk 00:58:20]} {[%emt 00:02:47]} 18. Qd3 {[%clk
00:48:39]} {[%emt 00:03:41]} Bxf3 {[%clk 00:58:01]} {[%emt 00:00:51]} 19. g3
{[%clk 00:45:35]} {[%emt 00:03:33]} Rxe5 {[%clk 00:57:35]} {[%emt 00:00:55]}
20. Rac1 {[%emt 00:13:20]} c6 {[%clk 00:56:12]} 21. Rc3 {[%clk 00:28:42]}
{[%emt 00:06:26]} Rf5 {[%clk 00:52:06]} {[%emt 00:04:37]} 22. Qxe3 {[%clk
00:24:32]} {[%emt 00:04:40]} Qxe3+ {[%clk 00:51:00]} {[%emt 00:01:36]} 23.
Rcxe3 {[%clk 00:24:39]} {[%emt 00:00:23]} h6 {[%clk 00:51:05]} {[%emt
00:00:24]} 24. Rf1 {[%clk 00:23:18]} {[%emt 00:01:51]} Bg4 {[%clk 00:50:53]}
{[%emt 00:00:43]} 25. Rxf5 {[%clk 00:22:22]} {[%emt 00:01:27]} Bxf5 {[%clk
00:50:50]} {[%emt 00:00:32]} 26. Re7 {[%clk 00:20:38]} {[%emt 00:02:14]} Rb8
{[%clk 00:50:35]} {[%emt 00:00:45]} 27. Na5 {[%clk 00:20:00]} {[%emt 00:01:08]}
Bc8 {[%clk 00:49:29]} {[%emt 00:01:36]} 28. Kf2 {[%clk 00:19:15]} {[%emt
00:01:15]} Kf8 {[%clk 00:49:44]} {[%emt 00:00:15]} 29. Rc7 {[%clk 00:19:28]}
{[%emt 00:00:16]} g5 {[%clk 00:48:20]} {[%emt 00:01:55]} 30. Kf3 {[%clk
00:19:16]} {[%emt 00:00:42]} Kg7 {[%clk 00:47:25]} {[%emt 00:01:25]} 31. Ke4
{[%clk 00:17:37]} {[%emt 00:02:08]} Kf6 {[%clk 00:46:46]} {[%emt 00:01:10]} 32.
d5 {[%clk 00:14:36]} {[%emt 00:03:32]} cxd5+ {[%clk 00:46:47]} {[%emt
00:00:29]} 33. Kxd5 {[%clk 00:14:46]} {[%emt 00:00:19]} Be6+ {[%clk 00:46:27]}
{[%emt 00:00:51]} 34. Kd6 {[%clk 00:14:46]} {[%emt 00:00:30]} Rd8+ {[%clk
00:46:33]} {[%emt 00:00:24]} 35. Kc5 {[%clk 00:14:04]} {[%emt 00:01:12]} b6+
{[%clk 00:46:33]} {[%emt 00:00:30]} 36. Kb4 {[%clk 00:13:28]} {[%emt 00:01:05]}
bxa5+ {[%clk 00:46:21]} {[%emt 00:00:43]} 37. Kxa5 {[%clk 00:13:50]} {[%emt
00:00:08]} Rd2 {[%clk 00:46:15]} {[%emt 00:00:36]} 38. b4 {[%clk 00:13:28]}
{[%emt 00:00:53]} Rxa2+ {[%clk 00:46:22]} {[%emt 00:00:22]} 39. Kb5 {[%clk
00:13:47]} {[%emt 00:00:11]} a6+ {[%clk 00:46:22]} {[%emt 00:00:31]} 40. Kb6
{[%clk 00:14:01]} {[%emt 00:00:11]} Rxh2 {[%clk 00:46:31]} {[%emt 00:00:24]}
41. Kxa6 {[%clk 00:14:20]} {[%emt 00:00:12]} Rb2 {[%clk 00:46:20]} {[%emt
00:00:41]} 42. b5 {[%clk 00:14:37]} {[%emt 00:00:14]} Ke5 {[%clk 00:45:52]}
{[%emt 00:00:58]} 43. b6 {[%clk 00:14:55]} {[%emt 00:00:11]} Ra2+ {[%clk
00:45:36]} {[%emt 00:00:46]} 44. Kb7 {[%clk 00:15:09]} {[%emt 00:00:17]} Bd5+
{[%clk 00:45:51]} {[%emt 00:00:14]} 45. Kc8 {[%clk 00:15:31]} {[%emt 00:00:08]}
Ra8+ {[%clk 00:45:48]} {[%emt 00:00:33]} 46. Kd7 {[%clk 00:15:41]} {[%emt
00:00:21]} Be6+ {[%clk 00:45:58]} {[%emt 00:00:19]} 47. Kc6 {[%clk 00:15:44]}
{[%emt 00:00:27]} Bd5+ {[%clk 00:45:57]} {[%emt 00:00:31]} 48. Kd7 {[%clk
00:16:05]} {[%emt 00:00:09]} Rb8 {[%clk 00:46:06]} {[%emt 00:00:21]} 0-1

[Event "DEM U10w 2021"]
[Site "Willingen GER"]
[Date "2021.08.24"]
[Round "4"]
[White "Zhou, Leyi Charlotte"]
[Black "Fruth, Julia"]
[Result "1-0"]
[Termination "normal"]
[Board "8"]
[WhiteElo "1100"]
[BlackElo "1007"]
[WhiteClock "00:55:27"]
[BlackClock "00:20:42"]
[PlyCount "55"]
[WhiteFideId "16258100"]
[BlackFideId "34603050"]
[EventCountry "GER"]
[EventRounds "11"]
[EventType "swiss"]
[EventDate "2021.08.22"]

1. e4 {[%clk 01:15:57]} {[%emt 00:00:02]} c5 {[%clk 01:15:42]} {[%emt
00:00:19]} 2. Nf3 {[%clk 01:16:19]} {[%emt 00:00:08]} d6 {[%clk 01:16:03]}
{[%emt 00:00:09]} 3. d4 {[%clk 01:16:40]} {[%emt 00:00:09]} cxd4 {[%clk
01:15:55]} {[%emt 00:00:38]} 4. Qxd4 {[%clk 01:16:49]} {[%emt 00:00:21]} Nf6
{[%clk 01:15:00]} {[%emt 00:01:24]} 5. Nc3 {[%clk 01:17:06]} {[%emt 00:00:14]}
g6 {[%clk 01:11:26]} {[%emt 00:04:03]} 6. Bc4 {[%clk 01:16:11]} {[%emt
00:01:26]} Bg7 {[%clk 01:09:50]} {[%emt 00:02:03]} 7. Be3 {[%clk 01:16:18]}
{[%emt 00:00:25]} O-O {[%clk 01:08:38]} {[%emt 00:01:43]} 8. O-O-O {[%clk
01:16:10]} {[%emt 00:00:38]} a6 {[%clk 01:04:37]} {[%emt 00:03:41]} 9. e5
{[%clk 01:16:40]} b5 {[%clk 01:03:07]} {[%emt 00:02:51]} 10. exf6 {[%clk
01:16:52]} {[%emt 00:00:17]} Bxf6 {[%clk 01:01:23]} {[%emt 00:02:12]} 11. Qe4
{[%clk 01:16:36]} {[%emt 00:00:48]} bxc4 {[%clk 00:58:31]} {[%emt 00:03:23]}
12. Qxa8 {[%clk 01:14:41]} {[%emt 00:02:24]} Bf5 {[%clk 00:56:30]} {[%emt
00:01:41]} 13. Qd5 {[%clk 01:14:23]} {[%emt 00:01:38]} Qd7 {[%clk 00:52:21]}
{[%emt 00:04:40]} 14. Qxc4 {[%clk 01:12:32]} {[%emt 00:02:21]} Rc8 {[%clk
00:51:45]} {[%emt 00:01:04]} 15. Qb3 {[%clk 01:10:42]} {[%emt 00:02:22]} Bxc3
{[%clk 00:46:43]} {[%emt 00:05:30]} 16. bxc3 {[%clk 01:08:57]} {[%emt
00:02:16]} Qc7 {[%clk 00:44:02]} {[%emt 00:03:05]} 17. Ng5 {[%clk 01:07:59]}
{[%emt 00:01:34]} e6 {[%clk 00:41:06]} {[%emt 00:03:26]} 18. Bd2 {[%clk
01:07:51]} {[%emt 00:00:38]} d5 {[%clk 00:37:34]} {[%emt 00:03:09]} 19. h3
{[%clk 01:05:53]} {[%emt 00:03:22]} d4 {[%clk 00:36:37]} {[%emt 00:00:47]} 20.
f3 {[%clk 01:04:40]} {[%emt 00:02:22]} dxc3 {[%clk 00:33:46]} {[%emt 00:03:20]}
21. Bxc3 {[%clk 01:04:29]} {[%emt 00:00:41]} Qf4+ {[%clk 00:31:45]} {[%emt
00:02:29]} 22. Kb2 {[%clk 01:00:24]} {[%emt 00:04:38]} Qxg5 {[%clk 00:31:11]}
{[%emt 00:01:02]} 23. g4 {[%clk 00:59:24]} {[%emt 00:01:33]} Nc6 {[%clk
00:28:03]} {[%emt 00:03:33]} 24. Qc4 {[%clk 00:57:17]} {[%emt 00:02:41]} Rb8+
{[%clk 00:25:37]} {[%emt 00:02:53]} 25. Ka1 {[%clk 00:57:35]} {[%emt 00:00:16]}
Bxc2 {[%clk 00:23:39]} {[%emt 00:02:26]} 26. Qxc6 {[%clk 00:54:55]} {[%emt
00:03:11]} Qa5 {[%clk 00:20:37]} {[%emt 00:03:26]} 27. Bxa5 {[%clk 00:55:06]}
{[%emt 00:00:26]} Bxd1 {[%clk 00:20:42]} {[%emt 00:00:24]} 28. Rxd1 {[%clk
00:55:27]} {[%emt 00:00:09]} 1-0

[Event "DEM U10w 2021"]
[Site "Willingen GER"]
[Date "2021.08.24"]
[Round "4"]
[White "Amrhein, Yana"]
[Black "Kovalskyy, Alicia"]
[Result "0-1"]
[Termination "normal"]
[Board "9"]
[WhiteElo "735"]
[BlackElo "1078"]
[WhiteClock "01:08:26"]
[BlackClock "01:00:07"]
[PlyCount "74"]
[WhiteFideId "34638253"]
[BlackFideId "34612130"]
[EventCountry "GER"]
[EventRounds "11"]
[EventType "swiss"]
[EventDate "2021.08.22"]

1. Nf3 {[%clk 01:15:52]} {[%emt 00:00:03]} d5 {[%clk 01:15:56]} {[%emt
00:00:08]} 2. d3 {[%clk 01:16:11]} {[%emt 00:00:12]} Nf6 {[%clk 01:16:12]}
{[%emt 00:00:13]} 3. g3 {[%clk 01:16:30]} {[%emt 00:00:11]} g6 {[%clk
01:16:33]} {[%emt 00:00:09]} 4. Bg2 {[%clk 01:16:47]} {[%emt 00:00:12]} Bg7
{[%clk 01:16:55]} {[%emt 00:00:09]} 5. O-O {[%clk 01:17:00]} {[%emt 00:00:18]}
O-O {[%clk 01:17:19]} {[%emt 00:00:06]} 6. b3 {[%clk 01:17:21]} {[%emt
00:00:08]} d4 {[%clk 01:17:30]} {[%emt 00:00:20]} 7. Bb2 {[%clk 01:17:41]}
{[%emt 00:00:09]} c5 {[%clk 01:17:54]} {[%emt 00:00:07]} 8. Nbd2 {[%clk
01:17:59]} {[%emt 00:00:11]} Nd5 {[%clk 01:18:04]} {[%emt 00:00:21]} 9. Nc4
{[%clk 01:16:52]} {[%emt 00:01:37]} b5 {[%clk 01:14:51]} {[%emt 00:03:42]} 10.
Ncd2 {[%clk 01:16:26]} {[%emt 00:00:56]} Nc6 {[%clk 01:14:07]} {[%emt
00:01:15]} 11. Ne4 {[%clk 01:15:00]} {[%emt 00:01:49]} Qb6 {[%clk 01:12:00]}
{[%emt 00:02:44]} 12. Ned2 {[%clk 01:14:49]} {[%emt 00:00:39]} Bg4 {[%clk
01:10:07]} {[%emt 00:02:24]} 13. h3 {[%emt 00:00:40]} Bd7 {[%clk 01:10:15]}
{[%emt 00:00:20]} 14. Nh2 {[%clk 01:12:27]} {[%emt 00:02:44]} Nc3 {[%emt
00:00:43]} 15. Qc1 {[%clk 01:11:20]} {[%emt 00:01:11]} Nxe2+ {[%clk 01:10:26]}
{[%emt 00:00:31]} 16. Kh1 {[%clk 01:10:47]} {[%emt 00:00:58]} Nxc1 {[%clk
01:10:47]} {[%emt 00:00:15]} 17. Raxc1 {[%clk 01:11:08]} {[%emt 00:00:09]} Qc7
{[%clk 01:10:50]} {[%emt 00:00:27]} 18. c4 {[%clk 01:11:28]} {[%emt 00:00:10]}
dxc3 {[%clk 01:11:05]} {[%emt 00:00:15]} 19. Bxc3 {[%clk 01:11:47]} {[%emt
00:00:12]} Qc8 {[%clk 01:10:32]} {[%emt 00:01:03]} 20. Bxg7 {[%clk 01:12:05]}
{[%emt 00:00:12]} Kxg7 {[%clk 01:10:58]} {[%emt 00:00:03]} 21. Rxc5 {[%clk
01:12:23]} {[%emt 00:00:13]} Bf5 {[%clk 01:10:46]} {[%emt 00:00:42]} 22. Bxc6
{[%clk 01:12:10]} {[%emt 00:00:43]} Qe6 {[%clk 01:10:16]} {[%emt 00:01:00]} 23.
Bxa8 {[%clk 01:12:17]} {[%emt 00:00:23]} Bxd3 {[%clk 01:09:51]} {[%emt
00:00:55]} 24. Rd1 {[%clk 01:12:16]} {[%emt 00:00:31]} Rxa8 {[%emt 00:01:19]}
25. Ndf3 {[%clk 01:11:57]} {[%emt 00:00:06]} Bf5 {[%clk 01:08:33]} {[%emt
00:01:41]} 26. Rxb5 {[%clk 01:11:43]} {[%emt 00:00:45]} Bxh3 {[%clk 01:08:36]}
{[%emt 00:00:26]} 27. Re5 {[%clk 01:11:50]} {[%emt 00:00:23]} Qc8 {[%clk
01:08:30]} {[%emt 00:00:35]} 28. Rxe7 {[%clk 01:11:58]} {[%emt 00:00:23]} Bg4
{[%clk 01:08:09]} {[%emt 00:00:52]} 29. Nxg4 {[%clk 01:12:07]} {[%emt
00:00:20]} Qxg4 {[%clk 01:08:22]} {[%emt 00:00:16]} 30. Rd3 {[%clk 01:12:15]}
{[%emt 00:00:22]} Rc8 {[%clk 01:08:01]} {[%emt 00:00:51]} 31. Nh2 {[%clk
01:12:05]} {[%emt 00:00:41]} Qh3 {[%clk 01:07:11]} {[%emt 00:01:19]} 32. Rd1
{[%clk 01:11:05]} {[%emt 00:01:30]} Rc2 {[%clk 01:05:58]} {[%emt 00:01:44]} 33.
Kg1 {[%clk 01:10:43]} {[%emt 00:00:51]} Rxa2 {[%clk 01:03:14]} {[%emt
00:03:17]} 34. Nf1 {[%clk 01:10:11]} {[%emt 00:00:56]} Qf5 {[%clk 01:02:39]}
{[%emt 00:01:00]} 35. Nd2 {[%clk 01:09:12]} {[%emt 00:01:36]} Qg5 {[%clk
00:59:34]} {[%emt 00:03:37]} 36. Rd7 {[%clk 01:09:06]} {[%emt 00:00:38]} Qg4
{[%clk 00:59:48]} {[%emt 00:00:14]} 37. f3 {[%clk 01:08:26]} {[%emt 00:01:09]}
Qxd7 {[%clk 01:00:07]} {[%emt 00:00:12]} 0-1